000 00989nam a22002417a 4500
999 _c64084
_d64084
005 20240530110713.0
008 180213s2016 ua a g 000 1 ara d
017 _a2015/28017
_bمصر. دار الكتب
020 _a9789773223724
040 _aEG-CaGPL
_cEG-CaGPL
082 0 4 _221
_a813.009/
_bع هـ
100 0 _aعبدالمنعم ذكريا القاضى
245 1 0 _aهندسة الرواية :
_bدراسة فى بنية السرد الموازى عند محمد قطب /
_cتأليف عبدالمنعم ذكريا القاضى .
250 _aط. 1
260 _aالقاهرة :
_bعين للدراسات و البحوث الانسانية و الاجتماعية،
_c2016.
300 _a315 ص. ؛
_c24 سم.
504 _aببليوجرافية : 287 -307
600 0 _aمحمد قطب
650 0 7 _2qrmak
_aالقصص العربية
_xتاريخ ونقد
650 0 7 _2qrmak
_aالخطاب
942 _2ddc
_cBK